Bharatiya shiksha darshan (Record no. 1367235)

MARC details
000 -LEADER
fixed length control field 00524nam a2200181Ia 4500
005 - DATE AND TIME OF LATEST TRANSACTION
control field 20250508160907.0
008 - FIXED-LENGTH DATA ELEMENTS--GENERAL INFORMATION
fixed length control field 008 250505s9999 xx 000 0 hin d
037 ## - SOURCE OF ACQUISITION
Stock number Reference
040 ## - CATALOGING SOURCE
Original cataloging agency FEDL
Language of cataloging eng
Transcribing agency FEDL
041 ## - LANGUAGE CODE
Language code of text/sound track or separate title hin
Source of code eng
084 ## - COLON CLASSIFICATION NUMBER
Classification number 370.10954, CHO
Assigning agency FEDL
100 ## - MAIN ENTRY--PERSONAL NAME
Personal name Chaube Sarayu Prasad
9 (RLIN) 137639
245 #0 - TITLE STATEMENT
Title Bharatiya shiksha darshan
260 ## - PUBLICATION, DISTRIBUTION, ETC.
Place of publication, distribution, etc. Delhi, India
Name of publisher, distributor, etc. Macmillan Company of India Ltd.
Date of publication, distribution, etc. 1975
300 ## - PHYSICAL DESCRIPTION
Extent 279p.
942 ## - ADDED ENTRY ELEMENTS (KOHA)
Koha item type Reference
Classification part 370.10954, CHO
Holdings
Withdrawn status Lost status Damaged status Not for loan Home library Current library Date acquired Total Checkouts Full call number Barcode Date last seen Price effective from Koha item type
        Department of Education Library Department of Education Library 2025-05-08   370.10954, CHO EL0054118 2025-05-08 2025-05-08 Reference
Copyright @ Delhi University Library System